<?xml version="1.0" encoding="UTF-8"?>
<record
    xmlns:xsi="http://www.w3.org/2001/XMLSchema-instance"
    xsi:schemaLocation="http://www.loc.gov/MARC21/slim http://www.loc.gov/standards/marcxml/schema/MARC21slim.xsd"
    xmlns="http://www.loc.gov/MARC21/slim">

  <leader>00667nam a22001577a 4500</leader>
  <controlfield tag="003">OSt</controlfield>
  <controlfield tag="005">20151021100932.0</controlfield>
  <controlfield tag="008">151021b        xxu||||| |||| 00| 0 eng d</controlfield>
  <datafield tag="040" ind1=" " ind2=" ">
    <subfield code="c">RUA</subfield>
  </datafield>
  <datafield tag="082" ind1=" " ind2=" ">
    <subfield code="a">AVM VAN 2009 B090 Or.1</subfield>
  </datafield>
  <datafield tag="100" ind1=" " ind2=" ">
    <subfield code="9">2586</subfield>
    <subfield code="a">VANN, SOPHEA.</subfield>
  </datafield>
  <datafield tag="245" ind1=" " ind2=" ">
    <subfield code="a">study on small scale cattle raising in roleapiaer district, kampong chhnang province (&#x1780;&#x17B6;&#x179A;&#x1785;&#x17B7;&#x1789;&#x17D2;&#x1785;&#x17B9;&#x1798;&#x1782;&#x17C4;&#x1787;&#x17B6;&#x179B;&#x1780;&#x17D2;&#x1781;&#x178E;&#x17C8;&#x1782;&#x17D2;&#x179A;&#x17BD;&#x179F;&#x17B6;&#x179A;&#x179A;&#x1794;&#x179F;&#x17CB;&#x1794;&#x17D2;&#x179A;&#x1787;&#x17B6;&#x1780;&#x179F;&#x17B7;&#x1780;&#x179A;&#x179F;&#x17D2;&#x179A;&#x17BB;&#x1780;&#x179A;&#x179B;&#x17B6;&#x1794;&#x17D2;&#x179A;&#x17D2;&#x17A2;&#x17C0;&#x179A; &#x1781;&#x17C1;&#x178F;&#x17D2;&#x178F;&#x1780;&#x17C6;&#x1796;&#x1784;&#x17CB;&#x1786;&#x17D2;&#x1793;&#x17B6;&#x17C6;&#x1784;)</subfield>
  </datafield>
  <datafield tag="260" ind1=" " ind2=" ">
    <subfield code="a">Phnom Penh</subfield>
    <subfield code="b">RUA</subfield>
    <subfield code="c">2009</subfield>
  </datafield>
  <datafield tag="300" ind1=" " ind2=" ">
    <subfield code="a">x, 47p.</subfield>
    <subfield code="b">ill.</subfield>
    <subfield code="c">29cm.</subfield>
  </datafield>
  <datafield tag="942" ind1=" " ind2=" ">
    <subfield code="2">ddc</subfield>
    <subfield code="c">AVM</subfield>
  </datafield>
  <datafield tag="999" ind1=" " ind2=" ">
    <subfield code="c">2431</subfield>
    <subfield code="d">2431</subfield>
  </datafield>
  <datafield tag="952" ind1=" " ind2=" ">
    <subfield code="0">0</subfield>
    <subfield code="1">0</subfield>
    <subfield code="2">ddc</subfield>
    <subfield code="4">0</subfield>
    <subfield code="6">AVM_VAN_2009_000000000000000_B090_OR_1</subfield>
    <subfield code="7">0</subfield>
    <subfield code="9">10891</subfield>
    <subfield code="a">LBB</subfield>
    <subfield code="b">LBB</subfield>
    <subfield code="c">B090</subfield>
    <subfield code="d">2015-10-21</subfield>
    <subfield code="l">2</subfield>
    <subfield code="o">AVM VAN 2009 B090 Or.1</subfield>
    <subfield code="p">RUA009283</subfield>
    <subfield code="r">2020-11-27</subfield>
    <subfield code="s">2020-10-28</subfield>
    <subfield code="w">2015-10-21</subfield>
    <subfield code="y">AVM</subfield>
  </datafield>
  <datafield tag="952" ind1=" " ind2=" ">
    <subfield code="0">0</subfield>
    <subfield code="1">0</subfield>
    <subfield code="2">ddc</subfield>
    <subfield code="4">0</subfield>
    <subfield code="6">AVM_VAN_2009_000000000000000_B090_OR_2</subfield>
    <subfield code="7">0</subfield>
    <subfield code="9">10892</subfield>
    <subfield code="a">LBB</subfield>
    <subfield code="b">LBB</subfield>
    <subfield code="c">B090</subfield>
    <subfield code="d">2015-10-21</subfield>
    <subfield code="o">AVM VAN 2009 B090 Or.2</subfield>
    <subfield code="p">RUA006161</subfield>
    <subfield code="r">2015-10-21</subfield>
    <subfield code="w">2015-10-21</subfield>
    <subfield code="y">AVM</subfield>
  </datafield>
  <datafield tag="952" ind1=" " ind2=" ">
    <subfield code="0">0</subfield>
    <subfield code="1">0</subfield>
    <subfield code="2">ddc</subfield>
    <subfield code="4">0</subfield>
    <subfield code="6">AVM_VAN_2009_000000000000000_B090_OR_3</subfield>
    <subfield code="7">0</subfield>
    <subfield code="9">10893</subfield>
    <subfield code="a">LBB</subfield>
    <subfield code="b">LBB</subfield>
    <subfield code="c">B090</subfield>
    <subfield code="d">2015-10-21</subfield>
    <subfield code="l">4</subfield>
    <subfield code="o">AVM VAN 2009 B090 Or.3</subfield>
    <subfield code="p">RUA017727</subfield>
    <subfield code="r">2018-09-26</subfield>
    <subfield code="s">2018-09-10</subfield>
    <subfield code="w">2015-10-21</subfield>
    <subfield code="y">AVM</subfield>
  </datafield>
  <datafield tag="952" ind1=" " ind2=" ">
    <subfield code="0">0</subfield>
    <subfield code="1">0</subfield>
    <subfield code="2">ddc</subfield>
    <subfield code="4">0</subfield>
    <subfield code="6">AVM_VAN_2009_000000000000000_B090_OR_4</subfield>
    <subfield code="7">0</subfield>
    <subfield code="9">10894</subfield>
    <subfield code="a">LBB</subfield>
    <subfield code="b">LBB</subfield>
    <subfield code="c">B090</subfield>
    <subfield code="d">2015-10-21</subfield>
    <subfield code="o">AVM VAN 2009 B090 Or.4</subfield>
    <subfield code="p">RUA009328</subfield>
    <subfield code="r">2015-10-21</subfield>
    <subfield code="w">2015-10-21</subfield>
    <subfield code="y">AVM</subfield>
  </datafield>
  <datafield tag="952" ind1=" " ind2=" ">
    <subfield code="0">0</subfield>
    <subfield code="1">0</subfield>
    <subfield code="2">ddc</subfield>
    <subfield code="4">0</subfield>
    <subfield code="6">AVM_VAN_2009_000000000000000_B090_OR_5</subfield>
    <subfield code="7">0</subfield>
    <subfield code="9">11026</subfield>
    <subfield code="a">LBB</subfield>
    <subfield code="b">LBB</subfield>
    <subfield code="c">B090</subfield>
    <subfield code="d">2015-10-21</subfield>
    <subfield code="o">AVM VAN 2009 B090 Or.5</subfield>
    <subfield code="p">RUA026825</subfield>
    <subfield code="r">2015-10-21</subfield>
    <subfield code="w">2015-10-21</subfield>
    <subfield code="y">AVM</subfield>
  </datafield>
  <datafield tag="952" ind1=" " ind2=" ">
    <subfield code="0">0</subfield>
    <subfield code="1">0</subfield>
    <subfield code="2">ddc</subfield>
    <subfield code="4">0</subfield>
    <subfield code="6">AVM_VAN_2009_000000000000000_B090_OR_6</subfield>
    <subfield code="7">0</subfield>
    <subfield code="9">11027</subfield>
    <subfield code="a">LBB</subfield>
    <subfield code="b">LBB</subfield>
    <subfield code="c">B090</subfield>
    <subfield code="d">2015-10-21</subfield>
    <subfield code="o">AVM VAN 2009 B090 Or.6</subfield>
    <subfield code="p">RUA026688</subfield>
    <subfield code="r">2015-10-21</subfield>
    <subfield code="w">2015-10-21</subfield>
    <subfield code="y">AVM</subfield>
  </datafield>
  <datafield tag="952" ind1=" " ind2=" ">
    <subfield code="0">0</subfield>
    <subfield code="1">0</subfield>
    <subfield code="2">ddc</subfield>
    <subfield code="4">0</subfield>
    <subfield code="6">AVM_VAN_2009_000000000000000_B090_OR_7</subfield>
    <subfield code="7">0</subfield>
    <subfield code="9">11028</subfield>
    <subfield code="a">LBB</subfield>
    <subfield code="b">LBB</subfield>
    <subfield code="c">B090</subfield>
    <subfield code="d">2015-10-21</subfield>
    <subfield code="l">1</subfield>
    <subfield code="o">AVM VAN 2009 B090 Or.7</subfield>
    <subfield code="p">RUA026616</subfield>
    <subfield code="r">2020-10-06</subfield>
    <subfield code="s">2020-10-06</subfield>
    <subfield code="w">2015-10-21</subfield>
    <subfield code="y">AVM</subfield>
  </datafield>
  <datafield tag="952" ind1=" " ind2=" ">
    <subfield code="0">0</subfield>
    <subfield code="1">0</subfield>
    <subfield code="2">ddc</subfield>
    <subfield code="4">0</subfield>
    <subfield code="6">AVM_VAN_2009_000000000000000_B090_OR_8</subfield>
    <subfield code="7">0</subfield>
    <subfield code="9">11029</subfield>
    <subfield code="a">LBB</subfield>
    <subfield code="b">LBB</subfield>
    <subfield code="c">B090</subfield>
    <subfield code="d">2015-10-21</subfield>
    <subfield code="o">AVM VAN 2009 B090 Or.8</subfield>
    <subfield code="p">RUA026964</subfield>
    <subfield code="r">2015-10-21</subfield>
    <subfield code="w">2015-10-21</subfield>
    <subfield code="y">AVM</subfield>
  </datafield>
  <datafield tag="952" ind1=" " ind2=" ">
    <subfield code="0">0</subfield>
    <subfield code="1">0</subfield>
    <subfield code="2">ddc</subfield>
    <subfield code="4">0</subfield>
    <subfield code="6">AVM_VAN_2009_000000000000000_B090_OR_9</subfield>
    <subfield code="7">0</subfield>
    <subfield code="9">13702</subfield>
    <subfield code="a">LBB</subfield>
    <subfield code="b">LBB</subfield>
    <subfield code="c">B090</subfield>
    <subfield code="d">2015-10-28</subfield>
    <subfield code="o">AVM VAN 2009 B090 Or.9</subfield>
    <subfield code="p">RUA015148</subfield>
    <subfield code="r">2015-10-28</subfield>
    <subfield code="w">2015-10-28</subfield>
    <subfield code="y">AVM</subfield>
  </datafield>
</record>
